Statistics for Footballers by Career - Celtic

Click here to take the quiz!

General Stats

  • This quiz has been taken 33 times
  • The average score is 6 of 10

Answer Stats

Player% Correct
Henrik Larsson
93%
Virgil van Dijk
93%
Aiden McGeady
73%
Shunsuke Nakamura
73%
Craig Gordon
67%
Dedryck Boyata
53%
Joe Ledley
43%
Dianbobo Baldé
40%
Jan Vennegoor of Hesselink
40%
Brian McClair
33%

Score Distribution

Percentile by Number Answered

Percent of People with Each Score

Your Score History

You have not taken this quiz